Felavatták az Ady-téri sporttelepet
Elmentve itt :
| Dokumentumtípus: | Cikk |
|---|---|
| Megjelent: |
1961-04-30
|
| Sorozat: | Délmagyarország
|
| Kulcsszavak: | Sporttelep Ady tér 1961, Sportélet Szeged 1961 |
| Online Access: | http://dmarchiv.bibl.u-szeged.hu/36196 |
| LEADER | 00430nab a2200145 i 4500 | ||
|---|---|---|---|
| 001 | delm36196 | ||
| 005 | 20180927112827.0 | ||
| 008 | 180927s1961 hu o 0|| hun d | ||
| 040 | |a SZTE Délmagyarország Archívum |b hun | ||
| 041 | |a hun | ||
| 245 | 0 | 0 | |a Felavatták az Ady-téri sporttelepet |h [elektronikus dokumentum] |
| 260 | |c 1961-04-30 | ||
| 300 | |a 10 | ||
| 490 | 0 | |a Délmagyarország | |
| 695 | |a Sporttelep Ady tér 1961, Sportélet Szeged 1961 | ||